Представление документа в формате MARC21

ПолеНазваниеЗначение
  Тип записи a
  Библиографический уровень m
001 Контрольный номер RU/URAIT/584883
005 Дата корректировки 20260429163601.6
008 Кодируемые данные 260429s2026 RU y f j 000 0 rus u
020 Индекс ISBN __
a ISBN 978-5-534-04158-3
c Цена, тираж 869.00
040 Источник каталогиз. __
a Служба первич. каталог. ИКО Юрайт
c Служба, преобразующая запись ИКО Юрайт
e Правила каталог. RCR
041 Код языка издания __
a Код языка текста rus
044 Код страны публикации __
a Код страны публикации RU
080 Индекс УДК __
a Индекс УДК 54(075.8)
084 Индекс другой классификации/Индекс ББК __
2 Источник индекса rubbk
a Индекс другой классификации/Индекс ББК 24.1я73
100 Автор __
a Автор Тупикин Е. И.
q Полное имя Тупикин Евгений Иванович
245 Заглавие __
a Заглавие Химия в сельском хозяйстве
b Продолж. заглавия учебник для вузов
c Ответственность Е. И. Тупикин.
250 Сведения об издании __
g испр. и доп
a Основные сведения об издании 2-е изд.
256 Характеристики компьютерного файла __
a Характеристики компьютерного файла Электрон. дан.
260 Выходные данные __
a Место издания Москва
b Издательство Юрайт
c Дата издания 2026
300 Физическое описание __
a Объем 184 с
440 Серия __
a Серия Высшее образование
500 Примечания __
a Примечание URL: https://urait.ru/bcode/584883 (дата обращения: 29.04.2026).
520 Аннотация __
a Аннотация В учебном пособии кратко рассматриваются вопросы по общей химии, разбираются учебные элементы, относящиеся к химии неорганических и органических веществ, находящих применение в агропромышленном комплексе страны. Книга содержит задания для самостоятельной работы, которые помогут студентам лучше усвоить материалы учебного пособия.
538 Прим. о системных особенностях __
a Прим. о системных особенностях Режим доступа: Электронно-библиотечная система Юрайт, для авториз. пользователей
653 Ключевые слова __
a Ключевые слова Общая химия
653 Ключевые слова __
a Ключевые слова Естественные науки
653 Ключевые слова __
a Ключевые слова Химия
653 Ключевые слова __
a Ключевые слова Агрохимия
653 Ключевые слова __
a Ключевые слова Системы удобрения
653 Ключевые слова __
a Ключевые слова Химия природных органических соединений
653 Ключевые слова __
a Ключевые слова Основы химии
653 Ключевые слова __
a Ключевые слова Система удобрения
653 Ключевые слова __
a Ключевые слова Химия (основы общей и неорганической, аналитическая)
653 Ключевые слова __
a Ключевые слова Химия специальных веществ
653 Ключевые слова __
a Ключевые слова Основы сельскохозяйственной химии
653 Ключевые слова __
a Ключевые слова Система применения удобрений
653 Ключевые слова __
a Ключевые слова Микроэлементы в почвах
653 Ключевые слова __
a Ключевые слова Системы удобрений
653 Ключевые слова __
a Ключевые слова Химия кормов с основами биофизики
653 Ключевые слова __
a Ключевые слова Введение в химию
653 Ключевые слова __
a Ключевые слова Введение в общую химию
653 Ключевые слова __
a Ключевые слова Технология минеральных солей и удобрений
653 Ключевые слова __
a Ключевые слова Технология удобрений и солей
653 Ключевые слова __
a Ключевые слова Современные технологии в агропромышленном комплексе
653 Ключевые слова __
a Ключевые слова Минеральные и органические удобрения
653 Ключевые слова __
a Ключевые слова Оценка воздействия сельскохозяйственного производства на почвы
653 Ключевые слова __
a Ключевые слова Химия органических соединений (дополнительные главы)
653 Ключевые слова __
a Ключевые слова Технология минеральных удобрений
653 Ключевые слова __
a Ключевые слова Физико-химические процессы в технологии минеральных удобрений
653 Ключевые слова __
a Ключевые слова Химия органических веществ и материалов
653 Ключевые слова __
a Ключевые слова Биохимия и физиология пестицидов
653 Ключевые слова __
a Ключевые слова Разработка системы удобрения полевых культур
653 Ключевые слова __
a Ключевые слова Фундаментальное естествознание. Химия
653 Ключевые слова __
a Ключевые слова Удобрения и окружающая среда
653 Ключевые слова __
a Ключевые слова Химия удобрений
653 Ключевые слова __
a Ключевые слова Естествознание: Химия
653 Ключевые слова __
a Ключевые слова Система удобрений
653 Ключевые слова __
a Ключевые слова Химия органических пестицидов
653 Ключевые слова __
a Ключевые слова Корректирующий курс по химии
653 Ключевые слова __
a Ключевые слова Технология производства минеральных удобрений
653 Ключевые слова __
a Ключевые слова Химия (углубленный уровень)
856 Электронный адрес документа 40
n Местонахождение сервера Юрайт
g Электронная книга
q Тип электронного формата html
h Имя пользователя ЮРАЙТ
v Часы доступа к ресурсу 20271231
2 Способ доступа Показать документ
x Служебное примечание https://urait.ru/book/cover/10723A38-FA2D-4067-8693-39A6CDB00A39
u URL https://urait.ru/bcode/584883
856 Электронный адрес документа 48
q Тип электронного формата cover
u URL https://urait.ru/book/cover/10723A38-FA2D-4067-8693-39A6CDB00A39
911 __
u 0030=https://urait.ru/bcode/584883
911 __
u 073a=9785534041583
u 073d=869.00
911 __
u 106a=s
911 __
u 900l=
952 Тип литературы __
i Дисциплина Химия
952 Тип литературы __
i Дисциплина Агрохимия
952 Тип литературы __
i Дисциплина Системы удобрения
952 Тип литературы __
i Дисциплина Химия природных органических соединений
952 Тип литературы __
i Дисциплина Основы химии
952 Тип литературы __
i Дисциплина Система удобрения
952 Тип литературы __
i Дисциплина Химия (основы общей и неорганической, аналитическая)
952 Тип литературы __
i Дисциплина Химия специальных веществ
952 Тип литературы __
i Дисциплина Основы сельскохозяйственной химии
952 Тип литературы __
i Дисциплина Система применения удобрений
952 Тип литературы __
i Дисциплина Микроэлементы в почвах
952 Тип литературы __
i Дисциплина Системы удобрений
952 Тип литературы __
i Дисциплина Химия кормов с основами биофизики
952 Тип литературы __
i Дисциплина Введение в химию
952 Тип литературы __
i Дисциплина Введение в общую химию
952 Тип литературы __
i Дисциплина Технология минеральных солей и удобрений
952 Тип литературы __
i Дисциплина Технология удобрений и солей
952 Тип литературы __
i Дисциплина Современные технологии в агропромышленном комплексе
952 Тип литературы __
i Дисциплина Минеральные и органические удобрения
952 Тип литературы __
i Дисциплина Оценка воздействия сельскохозяйственного производства на почвы
952 Тип литературы __
i Дисциплина Химия органических соединений (дополнительные главы)
952 Тип литературы __
i Дисциплина Технология минеральных удобрений
952 Тип литературы __
i Дисциплина Физико-химические процессы в технологии минеральных удобрений
952 Тип литературы __
i Дисциплина Химия органических веществ и материалов
952 Тип литературы __
i Дисциплина Биохимия и физиология пестицидов
952 Тип литературы __
i Дисциплина Разработка системы удобрения полевых культур
952 Тип литературы __
i Дисциплина Фундаментальное естествознание. Химия
952 Тип литературы __
i Дисциплина Удобрения и окружающая среда
952 Тип литературы __
i Дисциплина Химия удобрений
952 Тип литературы __
i Дисциплина Естествознание: Химия
952 Тип литературы __
i Дисциплина Система удобрений
952 Тип литературы __
i Дисциплина Химия органических пестицидов
952 Тип литературы __
i Дисциплина Корректирующий курс по химии
952 Тип литературы __
i Дисциплина Технология производства минеральных удобрений
952 Тип литературы __
i Дисциплина Химия (углубленный уровень)